| 000 | 00644nam a2200169Ia 4500 | ||
|---|---|---|---|
| 003 | GCL | ||
| 008 | 140319s9999 xx 000 0 ara d | ||
| 040 |
_aGCL / _cGCL |
||
| 082 | 0 | 4 |
_a953.2 _bا ح |
| 100 | 1 | _aاحمد فايد الصائدى | |
| 245 | 1 | 0 |
_aحركة المعارضة اليمينية فى عهد الامام يحيى محمد حميد الدين (1322 - 1367 هـ) (1904 - 1948 م) / _cاحمد فايد الصائدى |
| 300 | _a287 ص | ||
| 490 | _a | ||
| 650 | 0 | 4 | _aاليمن - تاريخ - العصر الحديث - عصر الائمة |
| 650 | 0 | 4 | _aاليمن - تاريخ - العصر الحديث |
| 942 |
_2ddc _cBK |
||
| 999 |
_c41414 _d41414 |
||